00925nam a2200277 a 4500001001000000005001700010008004100027041000800068044000800076050002200084100005500106245006500161250001200226260004200238300006000280500003400340500000800374650002600382650003300408650003000441650002900471902000800500942001100508999001500519952011300534BRCA_719920190320205740.0160112s19531935nyua######---#000-0#eng-# aeng anyu 4a.N5300b.R62 19531 aRobb, David M.d1903-1990.q(David Metheny)91783910aArt in the Western worldcby David M. Robb & J. J. Garrison. a3a. ed. aNueva YorkbHarper & Rowc1953, c1935 axix, 1050 p.bil.(algunas a color), 4 láminasc23 cm. aIncluye índice alfabético aP9314aArtexHistoria91784014aArquitecturaxHistoria9146714aEsculturaxHistoria9334714aPinturaxHistoria917841 aGFM 2lcccB c6880d6880 00104070aBRCAbBRCAd2012-01-16iP93l0o.N5300 .R62 1953 (P93)p7653r2019-03-22 00:00:00w2019-03-22yB